header

Making histories in museums (Record no. 35782)

MARC details
000 -LEADER
fixed length control field 01302nam a2200337Ia 4500
245 00 - TITLE STATEMENT
Title Making histories in museums
260 ## - PUBLICATION, DISTRIBUTION, ETC. (IMPRINT)
Place of publication London ;
-- New York :
Name of publisher Continuum,
Year of publication [2005]
300 ## - PHYSICAL DESCRIPTION
Number of Pages xv, 285 p. :
Other physical details ill.
490 1# - SERIES STATEMENT
Series statement Continuum collection
500 ## - GENERAL NOTE
General note Originally published: London: Leicester University Press, 1996.
650 #0 - SUBJECT ADDED ENTRY--TOPICAL TERM
Topical Term Museums
Topical Term Historical museums
Topical Term Museum techniques
700 1# - ADDED ENTRY--PERSONAL NAME
Personal name Kavanagh, Gaynor.
856 40 - ELECTRONIC LOCATION AND ACCESS
Uniform Resource Identifier http://site.ebrary.com/lib/rucke/Doc?id=10250902

No items available.

© 2026 Rongo University
Contact us: librarian | system librarian | Rongo university